|
|
|
|
| LEADER |
00837ncm a22002052a 4500 |
| 001 |
000269676 |
| 003 |
CZ BrMZK |
| 005 |
20110516100840.0 |
| 008 |
980105s1924 gw ger d |
| 040 |
|
|
|a BOA001
|b cze
|
| 072 |
|
7 |
|a 784
|x Vokální hudba
|2 Konspekt
|9 9
|
| 100 |
1 |
|
|a Schlick, Arnolt,
|d 1455-1525
|7 mzk2010589638
|4 aut
|
| 245 |
1 |
0 |
|a Tabulaturen etlicher Lobgesang und Liedlein auff die Orgeln und Lauten etc
|h [hudebnina] /
|c Arnold Schlick ; herausgegeben im Auftrage der Oberleitung der Glaubensgemeinde Ugrino v. Gottlieb Harms
|
| 260 |
|
|
|a Klecken :
|b Ugrino, Abteilung Verlag,
|c 1924
|
| 300 |
|
|
|a 61 s.
|
| 700 |
1 |
|
|a Harms, Gottlieb,
|d 1931-
|7 mzk2011631578
|4 edt
|
| 910 |
|
|
|a BOA001
|b Mus3-0885.718
|
| 990 |
|
|
|a MU
|
| 991 |
|
|
|b 201007
|
| 996 |
6 |
|
|b 2619876956
|c Mus3-0885.718
|l MZK
|r Sklad / do 1 hodiny
|n 1
|w 000269676
|u 000010
|a 1
|e BOA001
|j MZK50
|s P
|